LEADER 01227nam a2200265 4500 001 000000355181 003 CaOOAMICUS 005 20230830094904.0 008 230830s2021 it 000 u ita r 020 $a978-88-222-6741-2 040 $aSeMil$bita 100 1 $aCarotti, Laura,$d<1991- >.$0(OLS)http://semarc/name/118168 245 10$aAstri, fortuna, libero arbitrio :$bdiscussioni filosofiche tra '400 e '600 /$cLaura Carotti. 264 1$aFirenze :$bOlschki,$c2021. 300 $aXIII, 111 p. ;$c24 cm 490 1 $aQuaderni di Rinascimento ;$v54 650 4$aAstrologia - Filosofia - Sec. 15.-17.$0(OLS)http://semarc/subject/54211 710 2 $aIstituto nazionale di studi sul Rinascimento .$0(OLS)http://semarc/name/2230 830 0$aQuaderni di Rinascimento ;$v54.$0(OLS)http://semarc/title/445354 850 $aSeMil 852 $aSeMil$W1$xVenegono$y1$m2P IV 854$j243270$B246461$CSeMilBibl$Z2$F246461 $81 996 $6020$a978-88-222-6741-2$9(OLS)http://semarc/number/298758 996 $6245$aAstri, fortuna, libero arbitrio :$bdiscussioni filosofiche tra '400 e '600$9(OLS)http://semarc/title/445353 996 $6264$aFirenze :$bOlschki$9(OLS)http://semarc/publisher/30137 LEADER 01233nam a2200289 4500 001 000000355825 003 CaOOAMICUS 005 20231108095330.0 008 231018s2003 it a 000 u ita r 020 $a88-7782-801-3 040 $aSeMil$bita 100 1 $aLoon, Paul : van.$0(OLS)http://semarc/name/118521 240 10$aGriezelbeelden.$0(OLS)http://semarc/title/446042 245 10$aImprovvisamente ho avuto gli occhi azzurri /$c Paul van Loon ; illustrazioni di Camilla Fialkowski. 264 1$aMilano :$bSalani,$c2003. 300 $a152 p. :$bill. ;$c19 cm 490 1 $aGl'istrici ;$v192 650 4$aLetteratura per ragazzi.$0(OLS)http://semarc/subject/20895 700 1 $aFialkowski, Camilla.$0(OLS)http://semarc/name/118522 830 3$aGl'istrici ;$v192.$0(OLS)http://semarc/title/16608 850 $aSeMil 852 $aSeMil$W1$xVenegono$y1$m1W I 618$j244263$B247036$CSeMilBibl$Z2$F247036 $81 961 $aPerego don Stefano - Omaggio 996 $6020$a88-7782-801-3$9(OLS)http://semarc/number/299141 996 $6245$aImprovvisamente ho avuto gli occhi azzurri$9(OLS)http://semarc/title/446043 996 $6264$aMilano :$bSalani$9(OLS)http://semarc/publisher/38155